UBT Library

Pearsons comprehensive medical assisting: (Record no. 1801)

000 -LEADER
fixed length control field 00371nam a22001337a 4500
008 - FIXED-LENGTH DATA ELEMENTS--GENERAL INFORMATION
fixed length control field 160505b xxu||||| |||| 00| 0 eng d
020 ## - INTERNATIONAL STANDARD BOOK NUMBER
International Standard Book Number 9780135075074
020 ## - INTERNATIONAL STANDARD BOOK NUMBER
International Standard Book Number 0135075076
020 ## - INTERNATIONAL STANDARD BOOK NUMBER
International Standard Book Number 9780135075076
041 ## - LANGUAGE CODE
Language code of text/sound track or separate title eng
080 ## - UNIVERSAL DECIMAL CLASSIFICATION NUMBER
Universal Decimal Classification number 612.39
245 ## - TITLE STATEMENT
Title Pearsons comprehensive medical assisting:
Statement of responsibility, etc Beaman; Fleming McPhillips; Routh; Gohsman; Reagan;
942 ## - ADDED ENTRY ELEMENTS (KOHA)
Source of classification or shelving scheme
Item type Books
Holdings
Withdrawn status Lost status Source of classification or shelving scheme Damaged status Not for loan Collection code Permanent location Current location Shelving location Date acquired Total Checkouts Full call number Barcode Date last seen Price effective from Koha item type
          Koleksioni i përgjithshem UBT - Lipjan UBT - Lipjan Koleksioni i përgjithshem 05/05/2016   612.39 MCP 002-035520 05/05/2016 05/05/2016 Books
UBT Library © 2015-2024. All rights reserved University Education for Business and Technology